Like a Virgin - Madonna (All Lyrics) - Statistics

General Stats
  • This quiz has been taken 428 times
  • The average score is 157 of 203
Answer Stats
Lyrics % Correct
a
99%
Like
99%
the
99%
virgin.
99%
to
97%
I
96%
time.
96%
you.
96%
you
96%
first
95%
for
95%
very
95%
be
93%
me
93%
me.
93%
Touched
92%
your
92%
mine.
88%
and
87%
And
87%
heart
87%
Oh,
87%
it
86%
so
85%
beat,
84%
feel.
84%
feel
84%
next
83%
made
82%
When
82%
love,
81%
love
81%
through
77%
through.
77%
beats
75%
beats.
75%
was
75%
Yeah,
75%
yeah,
75%
my
73%
My
73%
'til
73%
how
71%
know
71%
found
70%
new.
70%
shiny
70%
last.
69%
until
69%
You're
68%
you're
68%
Didn't
67%
wilderness.
65%
all
64%
lost
64%
But
62%
incomplete.
62%
Make
62%
make
62%
of
61%
Somehow
61%
fine.
60%
blue.
57%
can
57%
give
57%
boy.
55%
is
54%
sad
54%
'Cause
53%
end
52%
I'll
52%
been
50%
Been
50%
Gonna
49%
I've
47%
yours
47%
With
43%
had,
42%
only
42%
hold
39%
What
39%
fast.
37%
I'd
37%
fading
36%
fear
35%
heartbeat
35%
out.
35%
saving
35%
hide.
34%
nothing
34%
good
32%
Feels
31%
inside.
27%
strong,
27%
cold.
26%
scared
18%
thawed
13%
bold.
10%
No matching quizzes found
Score Distribution
Percent of People with Each Score
Percentile by Number Answered
Your Score History
You have not taken this quiz